Click the U.S. State on the Map - Sudden Death - Statistics

General Stats
  • This quiz has been taken 1,115 times
  • The average score is 28 of 50
Answers on the Map
Answers color-coded by a green-red scale on the quiz's map according to % correct below.
 
Answer Stats
Answer % Correct
Texas
65%
Alaska
62%
Louisiana
62%
California
61%
Nevada
61%
Florida
60%
North Carolina
60%
North Dakota
60%
Utah
60%
Washington
60%
Maine
59%
Pennsylvania
59%
Virginia
59%
Georgia
58%
Hawaii
58%
New Mexico
58%
New York
58%
Oklahoma
58%
Tennessee
58%
Kentucky
57%
Massachusetts
57%
Oregon
57%
South Carolina
57%
South Dakota
57%
West Virginia
57%
Arizona
56%
Colorado
56%
Minnesota
56%
Idaho
55%
Michigan
55%
Mississippi
55%
Ohio
55%
Alabama
54%
Illinois
54%
Montana
54%
New Jersey
54%
Wyoming
54%
Indiana
53%
Maryland
53%
Missouri
53%
Rhode Island
53%
Arkansas
52%
Connecticut
52%
Kansas
52%
Nebraska
51%
New Hampshire
51%
Vermont
51%
Iowa
50%
Wisconsin
50%
Delaware
49%
No matching quizzes found
Score Distribution
Percent of People with Each Score
Percentile by Number Answered
Your Score History
You have not taken this quiz